| 000 | 00322nam a22001217a 4500 | ||
|---|---|---|---|
| 020 | _a9788126545797 | ||
| 082 |
_a621.402 _bLAK/FL |
||
| 100 |
_aLakshminarayana,Budugur _9804 |
||
| 245 | _aFluid Dynamics and Heat Transfer of Turbomachinery | ||
| 260 |
_aNew Delhi _bWiley India Pvrt.Ltd _c2014 |
||
| 300 | _a809 | ||
| 942 | _cBK | ||
| 999 |
_c14472 _d14472 |
||